[Event "BAN-chB 41st"]
[Site "Dhaka"]
[Date "2015.10.17"]
[Round "3"]
[White "Ali, Kawsar"]
[Black "Mahfuzul Haque, A."]
[Result "1-0"]
[WhiteElo "1851"]
[BlackElo "1699"]
[PlyCount "57"]
[EventDate "2015.10.15"]
[EventType "swiss"]
[EventRounds "11"]
[EventCountry "BAN"]
[SourceTitle "EXT 2017"]
[Source "ChessBase"]
[SourceDate "2016.10.25"]
[SourceVersion "1"]
[SourceVersionDate "2016.10.25"]
[SourceQuality "1"]

1. d4 e6 2. c4 c6 3. e4 d6 4. Nc3 a6 5. Nf3 h6 6. Bd3 Qc7 7. 0-0 Nd7 8. Be3 e5 9. d5 c5 10. a3 Be7 11. Rc1 Nf8 12. b4 b6 13. Nd2 Ng6 14. Ne2 Nf6 15. h3 Bd7 16. f4 exf4 17. Bxf4 Ne5 18. Bxe5 dxe5 19. Rb1 Bd6 20. Ng3 0-0 21. Nf5 Bxf5 22. Rxf5 Rab8 23. Qe2 Qe7 24. b5 a5 25. Rbf1 Nd7 26. Qg4 Kh7 27. Qf3 f6 28. Qg4 g6 29. R5f2 1-0